'R' Blitz Quiz Stats

 Plays Quiz Updated Dec 14, 2017

Also try: 'S' Blitz
Challenge
Share
Tweet
Embed
Score 0/38 Timer 04:00
1 Play Today
Category Answer % Correct
Olympic Ring ColorRed
99.4%
Chess PieceRook
92.7%
Weather TypeRain
91.9%
Santa's ReindeerRudolph
91.1%
US StateRhode Island
87.7%
Friends Main CharacterRachel
86.6%
Triathlon EventRunning
85.3%
Chinese Zodiac AnimalRabbit
85%
Finger (Human)Ring
84.8%
Distilled SpiritRum
84.1%
BirthstoneRuby
82.2%
US President (Last Name)Reagan
79.8%
European CountryRomania
75.5%
Quadrilateral Rhombus
75.3%
ElementRadium
74.9%
Star Wars EpisodeReturn of the Jedi
74%
3 Letter Body PartRib
73.8%
Cereal CropRice
72.9%
Capital CityRabat
71.3%
Category Answer % Correct
Clue/Cluedo WeaponRevolver
69.5%
African CountryRwanda
69.2%
Teenage Mutant Ninja TurtleRaphael
65.7%
Baseball PositionRight Field
63.7%
Sporcle CategoryReligion
62.7%
Book of the Bible Romans
62.2%
Human Body SystemReproductive
60.6%
Founder of Rome Romulus
60.1%
House of HogwartsRavenclaw
59.1%
Form of Heat TransferRadiation
56.7%
X Men CharacterRaven
56.5%
English MonarchRichard I
51.9%
AKC Dog BreedRottweiler
47.2%
HerbRosemary
46.6%
NBA TeamRockets
46.5%
US State CapitalRaleigh
42.9%
Tarantino MovieReservoir Dogs
37.4%
Pixar MovieRatatouille
36.3%
Oscar Best PictureRocky
31.8%

You're not logged in!

Compare scores with friends on all Sporcle quizzes.
Join for Free
OR
Log In

You Might Also Like...

Show Comments

Extras

Top Quizzes Today


Score Distribution

Your Account Isn't Verified!

In order to create a playlist on Sporcle, you need to verify the email address you used during registration. Go to your Sporcle Settings to finish the process.

Report this User

Report this user for behavior that violates our Community Guidelines.

Details: